000 00846nam a2200193 a 4500
008 060424s1995 ||||||||||||||||| || u
020 _a1851586911
050 _aHG 1811 Cam
100 _aCameron, Alan
245 1 0 _aBank of Scotland, 1695-1995 : a very singular institution
260 _aEdinburgh :
_bMainstream
_c1995
300 _a262 p. : ill.
350 _a0.00
500 _aIncludes bibliographical references
650 _aBANKS AND BANKING, CENTRAL--SCOTLAND--HISTORY
650 _aBANK OF SCOTLAND - HISTORY
995 _aANNEX COLLECTION (Main Library)
_D0.00
_e727387
_FCBU-MAIN LIBRARY (Kitwe)
_H2
_I14.99
_jHG 1811 Cam
_M2
_UAVAILABLE
_y018785
_ZAnnex Low-Usage Collection
995 _aANNEX COLLECTION (Main Library)
_D0.00
_e727386
_FCBU-MAIN LIBRARY (Kitwe)
_H1
_I14.99
_jHG 1811 Cam
_M1
_UAVAILABLE
_y018784
_ZAnnex Low-Usage Collection
999 _c84500
_d84500